[Event "Attica-ch U08/20"]
[Site "Athens"]
[Date "2009.12.23"]
[Round "1"]
[White "Tsoumba, Maria"]
[Black "Terzidaki, Alexandra"]
[Result "0-1"]
[WhiteElo "1235"]
[BlackElo "1847"]
[PlyCount "126"]
[EventDate "2009.12.23"]
[EventType "swiss"]
[EventRounds "7"]
[EventCountry "GRE"]
[SourceTitle "EXT 2011"]
[Source "ChessBase"]
[SourceDate "2010.11.26"]
[SourceVersion "1"]
[SourceVersionDate "2010.11.26"]
[SourceQuality "1"]

1. e4 e6 2. d4 d5 3. exd5 exd5 4. Nf3 Bd6 5. Be3 Nf6 6. Bd3 0-0 7. h3 Re8 8. 0-0 Nbd7 9. b3 c6 10. Nbd2 Nf8 11. c3 Qa5 12. Qc2 Ng6 13. Rfe1 Bd7 14. Rad1 Rac8 15. Bg5 Nh5 16. Bxg6 hxg6 17. Rxe8+ Rxe8 18. Re1 Rxe1+ 19. Nxe1 Bf5 20. Qb2 Ba3 21. Qa1 Qc7 22. Ndf3 Nf4 23. Qd1 Bd6 24. Qd2 f6 25. Bxf4 Bxf4 26. Qe2 Kf7 27. g3 Bd6 28. Kg2 Qc8 29. Ng1 b6 30. Nef3 Be4 31. Kh2 g5 32. Nd2 Bf5 33. Qh5+ Bg6 34. Qe2 Bf5 35. Qh5+ Bg6 36. Qe2 Qf5 37. Nf1 Qb1 38. Ne3 Qe4 39. Qa6 Qe7 40. c4 Bd3 41. Qc8 dxc4 42. bxc4 Qc7 43. Qg4 g6 44. Qd1 Be4 45. Qb3 Kf8 46. Nf1 Qh7 47. Qe3 Bf5 48. c5 Bb8 49. cxb6 axb6 50. Qa3+ Qe7 51. Qa8 Qd6 52. Ne3 Be4 53. Qa6 Qd8 54. Qa3+ Bd6 55. Qb3 b5 56. Qc3 Qa8 57. d5 Kf7 58. dxc6 Qxa2 59. Qe1 Bxc6 60. Ng2 Qd5 61. Qf1 b4 62. f3 b3 63. Qe2 Qe5 0-1

[Event "Attica-ch U14 Girls"]
[Site "Athens"]
[Date "2008.01.06"]
[Round "6"]
[White "Anastasopoulou, Andrianna"]
[Black "Tsoumba, Maria"]
[Result "1-0"]
[WhiteElo "1085"]
[BlackElo "1010"]
[PlyCount "85"]
[EventDate "2008.01.02"]
[EventType "swiss"]
[EventRounds "7"]
[EventCountry "GRE"]
[SourceTitle "EXT 2011"]
[Source "ChessBase"]
[SourceDate "2010.11.26"]
[SourceVersion "1"]
[SourceVersionDate "2010.11.26"]
[SourceQuality "1"]

1. d4 d5 2. Bf4 Nc6 3. Nf3 Bf5 4. c3 e6 5. e3 Bd6 6. Bg3 Rc8 7. Nbd2 f6 8. Bb5 Nge7 9. 0-0 a6 10. Bxc6+ Nxc6 11. Re1 0-0 12. e4 dxe4 13. Nxe4 Bg4 14. Nxd6 cxd6 15. h3 Bf5 16. Nh4 Ne7 17. Qb3 Qd7 18. Nxf5 Nxf5 19. Rxe6 Kh8 20. Qd5 Nxg3 21. fxg3 Rc6 22. Rae1 h6 23. Re7 Qc8 24. R1e6 Rd8 25. Rxf6 Rd7 26. Rxd7 Qxd7 27. Rf8+ Kh7 28. Rf7 Qc8 29. Qe4+ Kh8 30. Qe7 Rc7 31. Qxc7 Qxc7 32. Rxc7 b5 33. Rc6 d5 34. Rxa6 Kg8 35. Ra5 Kf7 36. Rxb5 Ke6 37. g4 Kf6 38. a4 Ke6 39. a5 Kd6 40. a6 Kc6 41. Rb4 g6 42. a7 h5 43. a8Q+ 1-0

[Event "Attica-ch U14 Girls"]
[Site "Athens"]
[Date "2008.01.05"]
[Round "4"]
[White "Terzidaki, Alexandra"]
[Black "Tsoumba, Maria"]
[Result "0-1"]
[WhiteElo "1260"]
[BlackElo "1010"]
[PlyCount "82"]
[EventDate "2008.01.02"]
[EventType "swiss"]
[EventRounds "7"]
[EventCountry "GRE"]
[SourceTitle "EXT 2011"]
[Source "ChessBase"]
[SourceDate "2010.11.26"]
[SourceVersion "1"]
[SourceVersionDate "2010.11.26"]
[SourceQuality "1"]

1. e4 e5 2. Nf3 d6 3. Bc4 Be7 4. 0-0 Nf6 5. d3 Nbd7 6. Be3 0-0 7. h3 c6 8. Nbd2 Qc7 9. c3 d5 10. Bb3 b6 11. Nh2 Bd6 12. g3 Nc5 13. Bxc5 Bxc5 14. Kg2 dxe4 15. Nxe4 Nxe4 16. dxe4 Qd6 17. Qh5 Be6 18. Rad1 Qe7 19. Bc2 Bc4 20. Rfe1 Qf6 21. Ng4 Qg6 22. Qxe5 Rae8 23. Qc7 Re7 24. Rd7 Rxd7 25. Qxd7 a5 26. b3 Be6 27. Qxc6 Bxg4 28. Qxg6 fxg6 29. hxg4 Rxf2+ 30. Kh3 Rxc2 31. e5 Rxa2 32. e6 Kf8 33. b4 axb4 34. cxb4 Bxb4 35. Rf1+ Ke7 36. Rf7+ Kxe6 37. Rxg7 Bc5 38. Rxh7 Rb2 39. Rh6 Kf6 40. g5+ Kxg5 41. Rh4 Rb4 0-1